Englands remembrancer : a true and full narrative of those two never to be forgotten deliverances, the one from the Spanish invasion in eighty eight, the other from the hellish powder plot, November 5, 1605 : whereunto is added the like narrative of that signal judgement of God upon the papists, by the fall of the house in Black-Friers, London, upon their fifth of November, 1623 /

Bibliographic Details
Main Author: Clarke, Samuel, 1599-1682
Format: Book
Language:English
Series:Early English books, 1641-1700 ; 1226:5.
Subjects:

MARC

Tag First Indicator Second Indicator Subfields
LEADER 00000cam a2200000 a 4500
001 in00000882721
005 20150923160712.0
008 820121s1657 miu a 00010 eng d
035 |a (OCoLC)08084052 
035 |9 AEM1384AM 
037 |a CL0037000041  |b University Microfilms International 
037 |b University Microfilms International, 300 N. Zeeb Rd., Ann Arbor, MI 48106 
040 |a UMI  |c UMI  |d OCL  |d UMI  |d m/c  |d UtOrBLW 
043 |a e-uk--- 
045 2 |a t8u0  |b d1588  |b d1605 
049 |a TXAI 
090 |a DA360  |b .C53 
099 |a film   |a  B   |a  3609 
100 1 |a Clarke, Samuel,  |d 1599-1682. 
245 1 0 |a Englands remembrancer :  |b a true and full narrative of those two never to be forgotten deliverances, the one from the Spanish invasion in eighty eight, the other from the hellish powder plot, November 5, 1605 : whereunto is added the like narrative of that signal judgement of God upon the papists, by the fall of the house in Black-Friers, London, upon their fifth of November, 1623 /  |c collected for the information and benefit of each family by Sam. Clark. 
264 3 |a [London?] :  |b Printed by J.O. for John Rothwel,  |c 1657. 
300 |a 7 unnumbered pages, 100, that is, 109 pages 
336 |a text  |b txt  |2 rdacontent 
337 |a microform  |b h  |2 rdamedia 
338 |a microfilm reel  |b hd  |2 rdacarrier 
504 |a "Books formerly published by this author": on 5 unnumbered pages between pages 65 and 66. 
500 |a Reproduction of original in the Huntington Library. 
510 4 |a Wing  |c C4510. 
533 |a Microfilm.  |b Ann Arbor, Mich. :  |c University Microfilms International,  |d 1982.  |e 1 microfilm reel ; 35 mm.  |f (Early English books, 1641-1700 ; 1226:5) 
500 |a Microform. 
650 0 |a Armada, 1588. 
650 0 |a Gunpowder Plot, 1605. 
830 0 |a Early English books, 1641-1700 ;  |v 1226:5. 
999 |a MARS 
999 f f |s f66ca6ec-2f56-3ca2-b12d-46d8584807b1  |i 22707bb7-e3e3-3f46-92d9-9eaf47ad99b4  |t 0 
952 f f |p default  |a Texas A&M University  |b College Station  |c Sterling C. Evans Library  |d Evans: Microforms (3rd floor)  |t 0  |e film B 3609 1226:5  |h Other scheme  |i microform -- microfilm reel 
998 f f |a film B 3609 1226:5  |t 0  |l Evans: Microforms (3rd floor)